Редакция газеты "Новое Время". О выпуске юбилейного сборника А. С. Суворина

Доступно только в Электронных читальных залах Найти на картеНа карте
RUSMARC
00004313nac2a22002893x 450
0015eca7439-0a45-47f6-a5d8-93e6068de5b1
00520211210102054.0
100##$a20211120l1909 k y0rusy50 ca
1010#$arus
102##$aRU
105##$ay z |||||
1220#$ad19091231
2001#$aРедакция газеты "Новое Время". О выпуске юбилейного сборника А. С. Суворина
$j1909
215##$a1 лист
251##$cДело
300##$aЗаголовок дела на папке: Письмо из Редакции газеты "Новое Время" - Звегинцеву Ал. Ив. (О выпуске юбилейного сборника А. С. Суворина)
300##$aРукописный текст
330##$aВходит в раздел описи: 1. Письма к А. И. Звегинцову. 2/ Письма по служебной деятельности А. И. Звегинцова
461#0$1001fc48e33c-c630-4015-85dd-2f2aab656f45
$12001
$aЗвегинцев Александр Иванович, помещик Воронежской губернии, депутат III Государственной думы, член партии "Союз 17 октября"
$1251
$cФонд
$1852
$j932
462#0$1001ddcf82e7-7bd9-4c5e-b7f1-85df8b3febb3
$12001
$aДела постоянного хранения. 1899-1913 гг.
$vД. 302
$1251
$cОпись
$1852
$j1
5171#$aПисьмо из Редакции газеты "Новое Время" - Звегинцеву Ал. Ив. (О выпуске юбилейного сборника А. С. Суворина)
600#1$aЗвегинцев
$bА. И.
$gАлександр Иванович
600#1$aСуворин
$bА. С.
60102$3RU\NLR\AUTH\889977468
$a"Новое время", газета
$cПетербург
801#0$aRU
$bGA_RF
801#1$aRU
$bГлавНИВЦ
$c20211120
$2rusmarc
801#2$aRU
$bПБ им. Б.Н. Ельцина
$c20211210
$gRCR
$2rusmarc
852##$aГА РФ
$j302
937##$d171397982
$hГАРФ
035##$aRuPRLIB51062547
856##$uhttp://readingroom.main.prlib.ru/item.aspx?id_node=n171397982&mode=full
Формат отображения